Z jakiego kraju pochodzą te firmy? - Statystyki

Ogólne statystyki
  • Ten quiz został rozwiązany 1 751 razy
  • Średni wynik to 11 z 13
Statystyki odpowiedzi
Hint Odpowiedź % Poprawnych
Coca-Cola Company Stany Zjednoczone
98%
Huawei Chiny
97%
IKEA Szwecja
95%
Sony Japonia
94%
Adidas Niemcy
92%
4F Polska
91%
Gucci Włochy
90%
Orange Francja
89%
Samsung Korea Południowa
88%
Zara Hiszpania
83%
Nokia Finlandia
76%
Philips Electronics Holandia
54%
Nestle Szwajcaria
52%
Nie znaleziono quizów pasujących do podanych kryteriów
Rozkład punktacji
Procent ludzi z każdym wynikiem
Percentyl według liczby udzielonych odpowiedzi
Twoja historia wyników
Nie rozwiązałeś tego quizu